Совершенствование производства урана и золота; Известия Томского политехнического университета [Известия ТПУ]; Т. 305, вып. 3 : Проблемы и перспективы технологий атомной промышленности
| Parent link: | Известия Томского политехнического университета [Известия ТПУ]/ Томский политехнический университет (ТПУ).— , 2000- Т. 305, вып. 3 : Проблемы и перспективы технологий атомной промышленности.— 2002.— [С. 17-20] |
|---|---|
| Hovedforfatter: | |
| Summary: | Заглавие с титульного листа Электронная версия печатной публикации Навоийский горно-металлургический комбинат создан в 1958 году на базе крупнейших залежей урана. Позднее рядом были открыты грандиозные запасы золота. Сегодня комбинат входит в первую десятку крупнейших мировых компаний по производству урана и золота. |
| Sprog: | russisk |
| Udgivet: |
2002
|
| Serier: | Предприятия |
| Fag: | |
| Online adgang: | http://www.lib.tpu.ru/fulltext/v/Bulletin_TPU/2002/v305/i3/04.pdf |
| Format: | MixedMaterials Electronisk Book Chapter |
| KOHA link: | https://koha.lib.tpu.ru/cgi-bin/koha/opac-detail.pl?biblionumber=163673 |
MARC
| LEADER | 00000nla2a2200000 4500 | ||
|---|---|---|---|
| 001 | 163673 | ||
| 005 | 20231031160921.0 | ||
| 035 | |a (RuTPU)RU\TPU\book\177578 | ||
| 035 | |a RU\TPU\book\177577 | ||
| 090 | |a 163673 | ||
| 100 | |a 20090820d2002 k y0rusy50 ca | ||
| 101 | 0 | |a rus | |
| 102 | |a RU | ||
| 135 | |a drnn ---uucaa | ||
| 181 | 0 | |a i | |
| 182 | 0 | |a b | |
| 200 | 1 | |a Совершенствование производства урана и золота |b Электронный ресурс |f А. А. Пашков | |
| 203 | |a Текст |c электронный | ||
| 215 | |a 1 файл (670 Кб) | ||
| 225 | 1 | |a Предприятия | |
| 230 | |a Электронные текстовые данные (1 файл : 670 Кб) | ||
| 300 | |a Заглавие с титульного листа | ||
| 300 | |a Электронная версия печатной публикации | ||
| 320 | |a Библиогр.: 4 назв. | ||
| 330 | |a Навоийский горно-металлургический комбинат создан в 1958 году на базе крупнейших залежей урана. Позднее рядом были открыты грандиозные запасы золота. Сегодня комбинат входит в первую десятку крупнейших мировых компаний по производству урана и золота. | ||
| 337 | |a Adobe Reader | ||
| 461 | 1 | |0 (RuTPU)RU\TPU\book\176237 |t Известия Томского политехнического университета [Известия ТПУ] |f Томский политехнический университет (ТПУ) |d 2000- | |
| 463 | 1 | |0 (RuTPU)RU\TPU\book\177520 |t Т. 305, вып. 3 : Проблемы и перспективы технологий атомной промышленности |o тематический выпуск |v [С. 17-20] |d 2002 |p 415 с. | |
| 610 | 1 | |a электронный ресурс | |
| 610 | 1 | |a уран | |
| 610 | 1 | |a золото | |
| 610 | 1 | |a рудоподготовка | |
| 610 | 1 | |a энергетические затраты | |
| 610 | 1 | |a буровзрывные работы | |
| 610 | 1 | |a энергосберегающие технологии | |
| 610 | 1 | |a продукция | |
| 610 | 1 | |a горно-металлургические предприятия | |
| 610 | 1 | |a качество | |
| 700 | 1 | |a Пашков |b А. А. | |
| 801 | 1 | |a RU |b 63413507 |c 20090623 |g PSBO | |
| 801 | 2 | |a RU |b 63413507 |c 20210417 |g PSBO | |
| 856 | 4 | |u http://www.lib.tpu.ru/fulltext/v/Bulletin_TPU/2002/v305/i3/04.pdf | |
| 942 | |c CF | ||